00569nam a22002057a 450000500170000000800410001703700070005804000130006504100180007808400150009610000180011124500310012925000140016026000420017430000170021665000160023365000500024965000490029965000150034820250506121145.0250506b |||||||| |||| 00| 0 eng d cTB aLCTcLCT 2engaengheng aZ,181 Q15 aSingh, Avtar  aAvtar Singh's Company Law/ a16th ed.  aLucknow:bEastern Book Company,c2015 acxliv, 783p. acompany law aBorrowing, Lending, Investments and Contracts aPrevention of Oppression and Mismanagement . aWinding Up